The Other Bands - Statistics

General Stats
  • This quiz has been taken 307 times
  • The average score is 9 of 16
Answer Stats
Other Band(s) Artist Main Band % Correct
Wings Paul McCartney The Beatles
98%
Velvet Revolver Slash Guns N' Roses
92%
Foo Fighters/ Them Crooked Vultures Dave Grohl Nirvana
92%
Yardbirds/ Blind Faith/ Derek and the Dominoes Eric Clapton Cream
86%
Yardbirds Jimmy Page Led Zeppelin
81%
Temple of the Dog Jeff Ament/Eddie Vedder Pearl Jam
69%
Temple of the Dog/ Audioslave Chris Cornell Soundgarden
68%
Metallica Dave Mustaine Megadeth
47%
Suicidal Tendencies/ Infectious Grooves Robert Trujillo Metallica
39%
Mad Season Layne Staley Alice in Chains
35%
Free Paul Rodgers Bad Company
27%
Whitesnake David Coverdale Deep Purple
27%
Porno's for Pyros Perry Farrell Jane's Addiction
27%
A Perfect Circle Maynard James Keenan Tool
23%
Funkadelic George Clinton Parliament
22%
Mr. Bungle/ Fantomas/ Tomahawk Mike Patton Faith No More
19%
No matching quizzes found
Score Distribution
Percent of People with Each Score
Percentile by Number Answered
Your Score History
You have not taken this quiz